| 000 | 00582nam a2200229 a 4500 | ||
|---|---|---|---|
| 001 | nice12345678 | ||
| 003 | IN_TiNIC | ||
| 005 | 20260116011528.0 | ||
| 008 | 050524s1960 newa grp 000 0 eng | ||
| 020 |
_a _c181.7 |
||
| 082 | 0 | 0 |
_a296.1 _bMON |
| 100 | _aMontefiore, C G | ||
| 245 | _aRabbinic Anthology | ||
| 260 |
_aNew York _bWorld Publishing Co., _c1960 |
||
| 300 | _a853p | ||
| 500 | _aincludes index and biblioraphy | ||
| 505 | 2 | _aNotes, Dates, Biblical passages, and index | |
| 650 | _aRabbanical Literature | ||
| 902 | _bSRS | ||
| 942 | _cBK | ||
| 999 |
_c2341 _d2341 |
||